Sexo y derechos: Las nuevas batallas por la igualdad

I tiakina i:
Ngā taipitopito rārangi puna kōrero
Kaituhi matua: Vega, María Eliana (autor)
Ētahi atu kaituhi: Sutherland, Juan Pablo (autor), Jiles, Pamela (autor), Valenzuela, María Elena (autor), Délano, Manuel (autor)
Hōputu: Pukapuka
I whakaputaina: Santiago, Chile: Lom Ediciones, 2004.
Rangatū:Nosotros los chilenos,
Ngā marau:
Ngā Tūtohu: Tāpirihia he Tūtohu
Kāore He Tūtohu, Me noho koe te mea tuatahi ki te tūtohu i tēnei pūkete!

MARC

LEADER 00000nam a2200000 a 4500
001 UCH4912
003 CL-VaPUC
005 20240930144155.0
008 240930t2004 ||||| |||| 00| 0 eng d
999 |c 336143  |d 336141 
020 |a 956-282-635-X 
040 |c Pontificia Universidad Católica de Valparaíso 
082 0 4 |a 305.42 VEG 2004  |2 21 
100 0 |a Vega, María Eliana  |e autor  |9 540894 
245 1 0 |a Sexo y derechos: Las nuevas batallas por la igualdad 
260 |a Santiago, Chile:  |b Lom Ediciones,  |c 2004. 
300 |a 82 páginas. 
490 0 |a Nosotros los chilenos,   |n  2. 
500 |a c.1 Donación ELE 9-09-2024 
583 |a last modification  |c 20090910 00:00:00  |k Rodrigo Vera 
650 0 |a Sociología   |9 255410 
650 0 |a Discriminación de la mujer  |9 429690 
650 0 |a Movimientos femeninos  |2 CL-VaPUC  |9 540899 
650 0 |a Movimientos sociales  |9 315241 
650 0 |a Derechos humanos  |9 223025 
700 0 |a Sutherland, Juan Pablo  |e autor  |9 518492 
700 0 |a Jiles, Pamela  |e autor  |9 540895 
700 0 |a Valenzuela, María Elena  |e autor  |9 540896 
700 0 |a Délano, Manuel  |e autor  |9 540897 
942 |c BK  |2 ddc 
945 |d 20090910 00:00:00  |a dcastane 
952 |0 0  |1 0  |4 0  |6 305_420000000000000_VEG_2004  |7 0  |8 X  |9 427116  |a FDOBUD  |b FDOBUD  |d 2019-11-22  |i 4598636  |o 305.42 VEG 2004  |p 4598636  |r 2019-11-22  |w 2019-11-22  |y BK_X  |k BUD 
952 |0 0  |1 0  |2 ddc  |4 0  |6 305_420000000000000_VEG_2004  |7 0  |8 A  |9 597067  |a BIBGIM  |b BIBGIM  |d 2024-09-30  |e Donación  |i 5662886  |o 305.42 VEG 2004  |p 5662886  |r 2025-01-15  |t 1  |w 2024-09-30  |y BK  |k ELE